| 000 | 00668nam a2200193 4500 | ||
|---|---|---|---|
| 001 | 2649453 | ||
| 003 | OSt | ||
| 005 | 20160426094822.0 | ||
| 008 | 691009s1968 nyua 001 0 eng | ||
| 010 | _a 68031227 | ||
| 040 | _aSEKU | ||
| 050 | 0 | 0 |
_aTJ 146 _b.W34 |
| 100 | 1 | _aWalton, Harry. | |
| 245 | 1 | 4 |
_aThe how and why of mechanical movements; _bexactly how machines work: engines, turbines, transmissions, brakes, clutches, rockets, atomic generators, gyroscopes, guidance systems. _cIllustrated by Ray Pioch. |
| 260 |
_aNew York, _bPopular Science Pub. Co. _c[1968] |
||
| 300 |
_a297 p. _billus. (part col.) _c26 cm. |
||
| 650 | 0 | _aMachinery. | |
| 942 |
_2lcc _cGEN |
||
| 999 |
_c13026 _d13026 |
||